| 000 | nam a22 a 4500 | ||
|---|---|---|---|
| 999 |
_c431608 _d431608 |
||
| 003 | BLK | ||
| 005 | 20210913163206.0 | ||
| 008 | 210913b bu |||||r|||| 00| u bu d | ||
| 040 | _aBLK | ||
| 041 |
_aFRE _cFRE |
||
| 080 |
_aИстория на Франция _b94(44) _z94(44) |
||
| 100 |
_9463866 _aTaine, Hippolyte-Adolphe _eпърви автор |
||
| 139 | _aTaine, Hippolyte-Adolphe | ||
| 245 |
_aLes origines de la France contemporaine _cHippolyte Taine _nТ. 1 _pL'ancien regime |
||
| 260 |
_9210229 _aParis _bHachette _c1887 _n2-01- |
||
| 300 | _c22 см | ||
| 380 | _a9 | ||
| 490 |
_9435080 _aКолекция Редки и ценни издания |
||
| 650 | 0 |
_9396464 _aИстория |
|
| 651 | 7 |
_9179722 _aФранция |
|
| 653 | 7 |
_9187889 _aистория |
|
| 760 |
_aHippolyte Taine _dParis, 1887 _h554 с. _oТ.1 _tL'ancien regime |
||
| 852 |
_aРф 887 _bРц |
||
| 942 |
_cKNG _n0 _s1 |
||
| 944 |
_aCR _c2021-09-13 _kК.Д. _l2021-09-13 |
||
| 999 | _d431608 | ||